LEADER 01883nas 2200565-a 450 001 9910133991703321 005 20240911213022.0 011 $a2563-9366 035 $a(CKB)110985822460014 035 $a(CONSER)---98641774- 035 $a(EXLCZ)99110985822460014 100 $a19940518a19939999 --- a 101 0 $aeng 181 $ctxt$2rdacontent 182 $cc$2rdamedia 183 $acr$2rdacarrier 200 00$aCanadian journal of music therapy =$eRevue canadienne de musicothérapie 210 $aWaterloo, Ont. $cCanadian Association for Music Therapy$d©1993- 215 $a1 online resource 300 $aRefereed/Peer-reviewed 311 8 $aPrint version: Canadian journal of music therapy = (DLC) 98641774 (OCoLC)30456431 1199-1054 517 3 $aRevue canadienne de musicothérapie 531 0 $aCan. j. mus. ther. 606 $aMusic therapy$vPeriodicals 606 $aMusic therapy$zCanada$vPeriodicals 606 $aMusic therapy 606 $aMusic Therapy 606 $aMusicothérapie$vPériodiques 606 $aMusicothérapie$zCanada$xPérioques 606 $aMusicothérapie$zCanada$vPériodiques 606 $aMusicothérapie 606 $aMusic therapy$2fast 607 $aCanada$2fast$1https://id.oclc.org/worldcat/entity/E39PBJkMHVW4rfVXPrhVP4VwG3 608 $aPeriodicals.$2fast 615 0$aMusic therapy 615 0$aMusic therapy 615 0$aMusic therapy. 615 12$aMusic Therapy. 615 6$aMusicothérapie 615 6$aMusicothérapie$xPérioques. 615 6$aMusicothérapie 615 6$aMusicothérapie. 615 7$aMusic therapy. 676 $a615.8/5154/05 712 02$aCanadian Association for Music Therapy. 906 $aJOURNAL 912 $a9910133991703321 920 $aexl_impl conversion 996 $aCanadian journal of music therapy$91953915 997 $aUNINA